El elemento polt̕ico en los crm̕enes contra la humanidad

Detalles Bibliográficos
Autor principal: Přez Caballero, Jess︢
Formato: Libro
Lenguaje:español
Publicado: Madrid Dykinson 2015
Materias:
Acceso en línea:Acceso restringido

MARC

LEADER 00000nam a22000007a 4500
005 20151202114850.0
007 cr ||| ||u|
008 151202s2015 sp ||||| |||| 00||0 spa d
020 |a 978-84-9085-358-0 
035 |a 12939 
040 |a vLex 
090 |c 5698  |d 5698 
100 1 |a Přez Caballero, Jess︢  
245 1 3 |a El elemento polt̕ico en los crm̕enes contra la humanidad  |h [Recurso electrn̤ico] /   |c Jess︢ Přez Caballero 
256 |a Servicio en ln̕ea 
260 |a Madrid  |b Dykinson  |c 2015  
300 |a 1 recurso electrn̤ico  
500 |a El elemento polt̕ico en los crm̕enes contra la humanidad. La expansin̤ de la figura al crimen organizado transnacional y el caso de las organizaciones de narcotraficantes mexicanas en el sexenio 2006-2012 estudia, a partir de las caracters̕ticas de los crm̕enes contra la humanidad, si algunas organizaciones criminales son idn̤eas para promover este crimen internacional. Para ello, analiza los requisitos del třmino “organizacin̤” segn︢ el artc̕ulo 7.2 a) del Estatuto de Roma. El anl̀isis se ejemplifica con determinadas situaciones en Colombia, Guatemala y, ms̀ a fondo, Mx̌ico. El primer capt̕ulo aborda el tipo penal de los crm̕enes de lesa humanidad, especialmente su elemento polt̕ico y los rasgos del colapso estatal, třmino novedoso y derivado de la necesidad de describir en qu ̌grado de estabilidad o crisis se encuentra el Estado donde se comete presuntamente dicho crimen internacional. El segundo capt̕ulo caracteriza la figura de la criminalidad organizada transnacional a partir de la Convencin̤ de Palermo. Se completa con el anl̀isis de dos tipos de organizaciones criminales problemt̀icas para la gobernabilidad como las Bandas Criminales colombianas y los Cuerpos Ilegales y Aparatos Clandestinos de Seguridad guatemaltecos. Con ello, se logran instrumentos ter̤icos para responder a las cuestiones del capt̕ulo final: Cul̀ es la naturaleza de las principales organizaciones de narcotraficantes mexicanas que operaron en el sexenio 2006-2012 y qu ̌dificultades plantea considerarlas organizaciones en el sentido del artc̕ulo 7.2. a) del Estatuto de Roma. 
506 1 |a Contenido solo disponible en los productos indicados  |d vLex Global  |d vLex Global (Academic Edition, excluding Law Schools)  |d vLex Global (U.S. Academic Edition, Law Schools)  |d vLex Global (U.S. Academic Edition, excluding Law Schools)  |d vLex Global (Academic Edition, Law Schools) 
650 0 4 |a Crimenes contra la humanidad  |z Mx̌ico  |z Colombia  |z Guatemala 
740 0 |a vLex libros (servicio en ln̕ea) 
856 4 0 |u http://vlex.com/source/elemento-politico-en-los-crimenes-contra-la-humanidad-12939  |z Acceso restringido 
942 |c BOOK 
999 0 |a Crimes against humanity